000
00306nam a2200133Ia 4500
008
231129s1980||||xx |||||||||||||| ||spa||
040
_b
spa
082
_a
B869 C871
100
_a
Coutinho Afranio
245
0
_a
La moderna literatura brasilena
260
_c
1980
264
_a
Macondo
942
_2
ddc
_c
BKS
999
_c
17639
_d
17639